| 000 | 01650nam a2200481 i 4500 | ||
|---|---|---|---|
| 001 | 29073 | ||
| 003 | KOSZ 005 | ||
| 005 | 20210930090814.0 | ||
| 008 | 971010s1990 pl a f |001 0 pol | ||
| 015 | _aUWD 1989/6949 | ||
| 020 | _a8320011752 | ||
| 035 | _a991002750329705066 | ||
| 035 | _a(PL-WaBN)b10749391-48omnis_nlop | ||
| 035 | _ab10749391 | ||
| 035 | _a(OCoLC)834704026 | ||
| 035 | _a(PL)b0000001074939 | ||
| 035 | _a(EXLNZ-48OMNIS_NETWORK)9910459478005606 | ||
| 040 |
_aWA N _cWA N _dKOSZ 005/EG |
||
| 046 | _k1988 | ||
| 080 | _a61 | ||
| 245 | 0 | 0 |
_aDomowy poradnik medyczny / _cpod red. Kazimierza Janickiego ; aut. Marian Barczyński [et al.]. |
| 250 | _a[Wyd. 2]. | ||
| 260 |
_aWarszawa : _bPańst. Zakład Wydawnictw Lekarskich, _c1990. |
||
| 300 |
_aXV, [1], 767, [1] s., [24] s. tabl. kolor. : _bfot. (w tym kolor.), rys. ; _c24 cm. |
||
| 336 |
_aTekst _btxt _2rdacontent |
||
| 337 |
_aBez urządzenia pośredniczącego _bn _2rdamedia |
||
| 338 |
_aWolumin _bnc _2rdacarrier |
||
| 380 | _aKsiążki | ||
| 388 | _a1901-2000 | ||
| 388 | _a1989-2000 | ||
| 490 | 1 | _aBiblioteka Domowa | |
| 504 | _aIndeks. | ||
| 650 | 7 |
_aMedycyna _2DBN |
|
| 655 | 7 |
_aWydawnictwa popularne _2DBN |
|
| 658 | _aMedycyna i zdrowie | ||
| 700 | 1 |
_aBarczyński, Marian _d(1930-2000) _eAutor |
|
| 700 | 1 |
_aJanicki, Kazimierz _d(1931-2001) _eRedakcja |
|
| 710 | 2 |
_aWydawnictwo Lekarskie PZWL _4pbl |
|
| 830 | 0 | _aBD Biblioteka Domowa | |
| 856 |
_uhttp://koha.tu.koszalin.pl/cgi-bin/koha/opac-detail.pl?biblionumber=29073 _yKatalog online BPK |
||
| 942 |
_2UKD _cKS |
||
| 999 |
_c29073 _d29073 |
||